[Event "Gibraltar Masters 9th"]
[Site "Caleta"]
[Date "2011.02.01"]
[Round "8"]
[White "Fernandez Romero, Ernesto"]
[Black "Edouard, Romain"]
[Result "1/2-1/2"]
[WhiteElo "2453"]
[BlackElo "2634"]
[Annotator "Edouard,R"]
[PlyCount "66"]
[EventDate "2011.01.25"]
[EventType "swiss"]
[EventRounds "10"]
[EventCountry "GGB"]
[SourceTitle "CBM 141"]
[Source "ChessBase"]
[SourceDate "2011.03.17"]
[SourceVersion "1"]
[SourceVersionDate "2011.03.17"]
[SourceQuality "1"]

1. e4 c5 2. Nf3 d6 3. d4 cxd4 4. Nxd4 Nf6 5. Nc3 a6 6. Bg5 Nbd7 $5 {An
interesting try when you need to win a game.} 7. f4 Qc7 8. Qe2 $6 {A classical
try in the Najdorf, but probably quite dubious here.} (8. Qf3 {is the usual
move, of course.}) 8... e5 $1 {This can be the idea of "delaying" ...e6. Black
is already fine, but I slightly misunderstood the position and made a
positional blunder on move 11.} 9. Nf5 h6 10. Bxf6 Nxf6 11. O-O-O (11. Ne3 $6
exf4 12. Ned5 Nxd5 13. Nxd5 Qa5+ $5 14. c3 (14. b4 $2 Qd8 15. Qc4 Be6 16. Nc7+
Kd7 $17) 14... Be6 15. Nxf4 Be7 $36) 11... Bxf5 $6 {After that move, White
will be slightly better whatever happens.} (11... exf4 $5 {was just alright:}
12. Nd5 (12. Qd2 Bxf5 13. exf5 O-O-O $11) 12... Nxd5 13. exd5+ Kd8 14. Qe4 Qd7
(14... g6 $5 15. Re1 Bd7) 15. Nd4 (15. g4 g6 16. Re1 Kc7 $132) 15... Qe7 $1 16.
Qxf4 Qg5 {with a very pleasant position for Black.}) (11... Be6 $5 12. fxe5 (
12. Ne3 exf4 13. Ned5 Bxd5 14. Nxd5 Nxd5 15. exd5+ Be7 16. Re1 Kf8 $15) 12...
dxe5 13. Ne3 Bc5 14. Ned5 Nxd5 15. Nxd5 Qc6 {with equality as a minimum for
Black.}) 12. exf5 Be7 13. fxe5 (13. g4 $1 exf4 14. h4 O-O-O (14... Qc5 15. g5
hxg5 16. hxg5 Rxh1 17. gxf6 Qe3+ 18. Qxe3 fxe3 19. fxe7 $16) 15. Bg2 Rde8 (
15... Kb8 16. g5 hxg5 17. hxg5 Rxh1 18. Bxh1 Ng8 19. Nd5 Qd7 20. Qg4 $14) 16.
Qf3 {would have been a bit unpleasant for me!}) 13... dxe5 14. g4 Qa5 $5 (14...
Rc8 15. Bg2 b5 16. h4 b4 17. Nd5 Nxd5 18. Bxd5 $14) (14... Rd8 15. Rxd8+ (15.
Bg2 $6 Rd4 $132) 15... Kxd8 16. Bg2 Kc8 17. Kb1 Kb8 18. h4 $14) 15. Bg2 $6 {
The idea of starting 14...Qa5 was partly to tempt White to play this pretty
logical move.} (15. h4 Rc8 16. Rh3 $8 Bb4 17. Nb1 $1 {(the move I forgot
during the game) would be annoying for Black.}) 15... Rc8 16. Kb1 (16. Nd5 Qxa2
17. Qxe5 Nxd5 18. Bxd5 Qa1+ 19. Kd2 Qa4 20. Bxf7+ Kf8 $1 {and Black is OK.})
16... Rxc3 $1 {A typical sac in the Sicilian.} 17. bxc3 O-O 18. Qc4 {This move
has to be played fast, as White's queen is the only piece able to defend the
dark squares!} (18. Rhe1 e4 $1 19. Qc4 Nxg4 {is very fine for Black.}) 18... b5
19. Qc6 Nxg4 (19... b4 20. c4 Bc5 21. h4 Bd4 {White will have to sac an
exchange anyhow.} 22. g5 $1 ({I actually didn't like} 22. Rxd4 exd4 23. g5 {
but in fact, the position is just unclear after} Ng4 $1 24. gxh6 d3 $1) 22...
Bc3 23. Rh3 $1 Qa3 24. Rxc3 bxc3 25. Qb6 hxg5 26. hxg5 Ng4 27. Rd8 {and White
is just better.}) 20. Rd7 (20. Rhe1 $6 b4 $1 {with the idea of} 21. c4 e4 $1 {
followed by ...Bf6 is just good for Black.}) 20... Qa3 $1 {The position is
already more pleasant to play for Black, but it is important to see the ...e4
idea which I didn't play!} 21. Rc7 $5 (21. Ra7 a5 (21... Bb4 $5 22. cxb4 $140
Qxb4+ 23. Kc1 Qf4+ 24. Kb1 Qb4+ $11) 22. Qxb5 Ne3 23. Bf3 Qxc3 24. Qb3 Bb4 $44)
21... Ne3 (21... e4 $1 {was a strong move I had seen! I would like to explain
why I didn't play it, but I just couldn't remember it even few minutes after
the game! I think I just thought the text move was stronger, because of some
hallucination (check below).} 22. Qxe4 Ne5 $1 {Of course I missed this move.
However, I saw 22...Bd6 (much simpler) which is also better for Black!} (22...
Bd6 23. Qxg4 Bxc7 24. f6 g6 25. Bd5 Kh8 $1 $15) 23. Qxe5 Bd6 {is just better
for Black without any danger. I believe White should hold a draw thanks to the
reduced material, but it won't be such fun.}) 22. Bd5 Nc4 $6 (22... Nxd5 23.
Qxd5 Bf6 24. Rd1 (24. Qe4 Rd8 $132) 24... e4 25. Qb3 Qa4 $1 {(once again a
nice idea I missed) was unclear and probably the best possible choice.}) 23.
Bxc4 bxc4 24. Qb7 $1 {I had actually missed that White has time for taking the
c4-pawn!!} Bd6 (24... Qd6 $5 {is possible, but I start to be in trouble and I
thought 24...Bd6 was still kind of a forced draw, thanks to the text moves 27..
.Bc5! and 29...Qd4!.}) 25. Rxc4 (25. Rc6 Kh7 26. Rxa6 Rb8 27. Qxb8 Qxa6 28. Qb2
$8 {and Black is much better, for instance with} e4 $5 {and can make a draw at
any moment with ...Ba3-...Bd6.} (28... Ba3 $5 29. Qb8 e4)) 25... Kh7 26. Rc8
Rxc8 27. Qxc8 Bc5 $1 28. Qb7 Qxc3 29. Qb3 $1 {A very tricky position. Any
endgame with this structure will be losing. Only, if I can exchange g- and
f-pawns very fast, it will become very unclear as I could push my central
pawns very fast.} (29. Qxf7 Bd4 $11) 29... Qd4 $8 30. Qxf7 e4 $5 {And White
has just no winning plan, and his king is too weak to undertake a slow winning
plan.} ({The crazy move} 30... Be7 $5 {given by the computer, should also draw!
}) 31. Qg6+ (31. f6 {is the only way to keep on playing, but after} Qxf6 32.
Qxf6 gxf6 {Black would be just fine!}) 31... Kh8 32. Qe8+ Kh7 33. Qg6+ Kh8
1/2-1/2

[Event "Amsterdam ACP Golden Classic"]
[Site "Amsterdam"]
[Date "2012.07.19"]
[Round "5"]
[White "Jobava, Baadur"]
[Black "Le, Quang Liem"]
[Result "0-1"]
[WhiteElo "2730"]
[BlackElo "2693"]
[Annotator "Erenburg,S"]
[PlyCount "90"]
[EventDate "2012.07.14"]
[EventType "tourn"]
[EventRounds "7"]
[EventCountry "NED"]
[EventCategory "19"]
[SourceTitle "CBM 150"]
[Source "ChessBase"]
[SourceDate "2012.09.14"]
[SourceVersion "1"]
[SourceVersionDate "2012.09.14"]
[SourceQuality "1"]

1. e4 c5 2. Nf3 d6 3. d4 cxd4 4. Nxd4 Nf6 5. Nc3 a6 6. Bg5 Nbd7 {This move has
become the top players' prevailing choice recently.} 7. Bc4 e6 ({After} 7...
Qb6 8. Nb3 e6 {the game was transformed into a Scheveningen-like position.} 9.
O-O Be7 10. a4 Qc7 11. Bd3 b6 12. Qe2 Bb7 13. Kh1 h6 14. Bd2 d5 15. exd5 Nxd5
16. Nxd5 Bxd5 17. Bc3 $6 (17. c4 $5 Bc6 18. a5 Nc5 19. Nd4 (19. axb6 Qb7 $132)
19... Nxd3 20. Nxc6 Qxc6 21. Qxd3 $14) 17... O-O 18. Be4 Bxe4 19. Qxe4 Rac8 $15
{1/2-1/2 Filippov,A (2620)-So,W (2669)/Guangzhou 2010/EXT 2011 (48)}) 8. a4 {
A very rare continuation. White wants to fix Black's pawn structure on the
queenside by playing a4-a5.} ({A more common one is} 8. O-O h6 (8... Qa5 9. Qd2
h6 10. Be3 Ne5 11. Bb3 Neg4 12. f4 Be7 13. Kh1 Nxe3 14. Qxe3 g5 15. f5 e5 16.
Nde2 Qc5 17. Qf3 (17. Qd3 Bd7 18. Nd5 $14) 17... g4 18. Qd3 Bd7 19. Rad1 (19.
Nd5 Nxd5 20. Bxd5 Bg5 21. Rad1 $14) 19... Rc8 20. Rfe1 Bc6 $11 {1-0 Li,C (2619)
-Zhou Jianchao (2652)/Hefei 2010/CBM 136 Extra (53)}) ({Note that} 8... b5 $2 {
is met by} 9. Bxe6 $1 fxe6 10. Nxe6 Qa5 11. Nd5 $40) 9. Be3 Ne5 10. Bb3 g5 11.
Qe2 Nfg4 12. Bd2 Bd7 13. Rad1 Rc8 14. a3 Be7 15. f4 Qb6 (15... gxf4 16. Bxf4 (
16. Rxf4 Qb6) 16... Qc7 17. h3 Nf6 18. Kh1 $14) 16. fxe5 dxe5 $2 (16... Qxd4+
$142 17. Kh1 h5 18. Bxg5 Qxe5 19. Bf4 Qg7 $13 (19... Qc5 20. h3)) 17. Qxg4 exd4
18. Na4 $18 Qc7 19. Qh5 Rh7 20. Rxf7 Rxf7 21. Rf1 Kd8 22. Qxf7 b5 23. Qg8+ Be8
24. Bxe6 {1-0 Radjabov,T (2740)-Sutovsky,E (2650)/Baku 2010/CBM 136 Extra})
8... Qa5 $1 {A multi-function move. Black has prevented a4-a5, attacked
White's bishop and doesn't need to worry anymore about tactical tricks such as
Bxe6.} ({Otherwise, if} 8... b6 $2 9. Bxe6 $1 {wins on the spot.}) (8... h6 9.
Bh4 g5 10. Bg3 Ne5 11. Bb3 (11. Be2 $5 Ng6 12. Qd2 Be7 13. O-O-O e5 14. Nb3 Be6
$13) 11... Ng6 12. f3 (12. Qd2 $5 Nh5 (12... Be7 13. O-O-O $14) 13. f3 Nxg3 14.
hxg3 $14) 12... Be7 13. Qd2 {White is preparing to castle long. Since there
are many white pieces on the queenside, it is relatively safe to keep the king
on the queenside. Moreover, by castling long, White creates some serious
pressure against Black's centre.} Bd7 14. Bf2 (14. Nde2 $5) 14... Rc8 15. a5 $6
(15. O-O-O $142 $14) 15... Rc5 $11 {0-1 Shinkevich,V (2487)-Tihonov,J (2382)/
Samara 2002/CBM 089 ext (44)}) 9. Qd2 Be7 10. O-O h6 ({Obviously not} 10... O-O
$2 11. Nd5 $1) 11. Be3 Ne5 12. Be2 (12. Bb3 {is met by} Neg4) 12... Bd7 {
[%cal Ya8c8,Ye5c4] Quite a typical idea for the Sicilian: Black wants to
create counterplay on the queenside as soon as he can by deferring castling.} (
{Here after} 12... Neg4 {White can reply} 13. Nb3 Qc7 14. Bf4) (12... Qc7 13.
h3 (13. a5 {seems more logical.}) 13... b6 14. Rad1 Nc4 15. Bxc4 Qxc4 16. f4
O-O 17. e5 dxe5 18. fxe5 Nd7 19. Nf3 Qc7 $15 {1-0 Soltis,A (2460)-Zuckerman,B 
(2475)/Pasadena 1978/MCD (53)}) 13. Kh1 $146 {[%cal Gf2f4,Ye3g1] White is
preparing the g1-square for his dark-squared bishop.} ({In the preceding game,
} 13. f4 {was played, which allows Black to eliminate the dark-squared bishop.}
Neg4 14. Nb3 Qb4 (14... Qc7 {seems more natural.}) 15. a5 (15. Qd4 $5) 15...
Nxe3 16. Qxe3 Rc8 17. Bd3 O-O 18. Ra4 Bxa4 19. Na2 d5 (19... Qxb3 20. cxb3 d5
21. Qe2 Bxb3 22. Nc1 Bc4 $11) 20. Nxb4 $14 {0-1 Santillan,G (1970)-Cuniali,E 
(1866)/IECC email 2001/Corr 2008 (34)}) 13... Rc8 {Just in time.} 14. f4 Nc4
15. Bxc4 Rxc4 16. Qd3 Rc8 17. Rae1 O-O $15 {/=. Black has solved all his
problems. His king is safe, the centre is stable and the pair of bishops
guarantee Black good prospects should the position get sharpened.} 18. Bd2 $1 {
Preparing the breakthrough in the centre.} Qc7 ({The software programs have no
fear and suggest playing} 18... Qh5 $5 {. Obviously, for someone with heart
and feelings, it is quite difficult to place the queen in such a dangerous
position.}) ({Perhaps a more reasonable move (from the point of view of a
human being) is} 18... Qc5 $5 19. e5 dxe5 20. fxe5 {with the idea of having
the following resource:} Nd5 21. Nf5 exf5 22. Nxd5 Bh4 $132) 19. e5 Nh7 $5 {
[%cal Yf8d8,Gh7f8] It is more common in this kind of positions to withdraw the
knight to e8 to have the d6 outpost strengthened. However, in this particiluar
situation, White has no rooks along the d-file, so the d6-pawn is sufficiently
protected. The main advantage of this withdrawal is that the knight can enter
the game through f8 after the kingside rook moves to d8.} (19... Ng4 {looks
too risky.} 20. Qg3 (20. Qe2 Qc4 $1) 20... h5 21. h3 Nh6 22. Ne4 $36) ({After} 
19... Ne8 20. b3 {Black's pieces along the 8th rank are somewhat
discoordinated.}) (19... dxe5 20. fxe5 Nd5 {is now met by} 21. Nf5 $1 $18) 20.
b3 {Covering the c4 square.} ({Maybe White should have acted in a more
aggressive manner:} 20. Qg3 Kh8 21. Rd1 $13) 20... Kh8 $6 {Too slow. It was
necessary to mobilise his forces asap.} ({It seems that after} 20... Rfd8 21.
Ne4 (21. exd6 Bxd6 22. Ne4 Be7 $15) 21... dxe5 22. fxe5 Nf8 {Black is just in
time to bring all hsi forces to save his monarch!} 23. Qg3 (23. Nd6 $2 Bxd6 24.
exd6 Qxd6 25. Nf5 Qxd3 26. Ne7+ Kh7 27. cxd3 Rc2 $15) (23. Bf4 Ng6 24. Bg3 Nxe5
25. Bxe5 Qxe5 26. Nf6+ Qxf6 27. Rxf6 Bxf6) 23... Be8 $1 24. Nf3 (24. Bxh6 $2
Ng6 {[%cal Ye7h4,Gc7e5]}) 24... Ng6 25. h4 f5 $1 $15) 21. Ne4 dxe5 {This opens
the f-file for the white rooks. Nevertheless, the alternatives were not any
better:} ({After} 21... d5 22. Ng3 {[%cal Yf4f5] it's hard to believe that
Black will survive White's offensive.}) (21... f5 22. Nxd6 (22. exf6 $5 Nxf6
23. Ng3) 22... Bxd6 23. exd6 Qxd6 24. Qe3 (24. Nxe6 Qxd3 25. cxd3 Bxe6 26. Rxe6
Rfd8 27. Rf3 Rc2 $44) 24... Nf6 25. Qe5 $14) 22. fxe5 f5 {It was pretty much
forced. Black needs his knight back in the game.} (22... Qxe5 $4 23. Ng5 $18)
23. exf6 Nxf6 24. Bf4 $14 Qa5 ({Perhaps} 24... Qb6 {was more accurate, since
it keeps the d6-square covered. However, White should still be better after}
25. Bg3 $14) 25. h3 {A prophylactic move. Apparently, Baadur calculated the
consequences of the 25.Nd6 line and decided that the endgame with the opposite
coloured bishops has very strong drawish tendencies.} (25. Nd6 $5 Bxd6 (25...
Ng4 $2 26. Nxc8 Qxe1 (26... Rxf4 27. Qg3 $1 $18) 27. Nxe7 Nf2+ 28. Kg1 Nxd3 29.
Ng6+ Kg8 30. Rxe1 Rxf4 31. Nxf4 Nxe1 32. Ng6 $18) 26. Bxd6 Ng4 27. Nf3 (27. Qe2
$5 Rxf1+ 28. Rxf1 e5 29. Nf3 Re8 30. Nh4 $14) 27... Nf2+ 28. Rxf2 Rxf3 29. Qd2
Qxd2 30. Rxd2 Rf5 $14) 25... Bb4 (25... e5 $2 {is met by} 26. Bxe5) 26. Bxh6 $2
{White must have missed something when he decided to go for this line.} ({
Simpler and stronger was} 26. Nxf6 Rxf6 27. Re4 $1 Rcf8 28. Rf3 $14) 26... Bxe1
{From now on, everything is forced.} ({But not} 26... Nxe4 27. Rxe4 gxh6 28.
Nf3 $1 $40) 27. Nxf6 Rxf6 28. Rxf6 gxf6 29. Qg6 Rg8 30. Qxf6+ Kh7 31. Qf7+ Kxh6
32. Qxg8 Bc3 $1 $17 {My guess is that Jobava underestimated the strength of
this move. White does not have enough resources to keep his attack alive. Now
Black's pieces get coordinated and White will have a hard time surviving.} 33.
Qf8+ (33. Nxe6 {is easily parried by} Qf5) 33... Kg6 34. Qg8+ Kf6 35. Qf8+ Kg6
{Black is winning some time by "burning" the moves to get to 40, after which
the game is adjourned.} 36. Qg8+ Kf6 37. Qf8+ Ke5 38. Ne2 Bd2 39. c4 $2 {
In time trouble, Baadur commits a mistake that leaves him no chance to survive.
} (39. Qb8+ {should have been played.} Kd5 40. c4+ Kc5 41. Qf8+ Kb6 42. Qd8+
Kc6 43. Nd4+ Kd6 44. Qf8+ Kc7 45. c5 {with some chances to save the game.})
39... Bc6 $19 {Now Black is consolidated and White does not have sufficient
resources to cause any serious trouble.} 40. h4 Ke4 41. Qf3+ Ke5 42. Qf2 ({
Black had enough time at home to see the following variation:} 42. Qf8 Qb6 $1
43. c5 Qc7 $19) 42... Bh6 $1 43. Qd4+ Kf5 44. Kh2 Qe5+ 45. Ng3+ Kf6 0-1